[Event "TUR-chT 1st League"]
[Site "Konya"]
[Date "2018.07.19"]
[Round "6.6"]
[White "Kaplan, Bahadir"]
[Black "Onturk, Senan Utku"]
[Result "0-1"]
[WhiteElo "1950"]
[BlackElo "1703"]
[PlyCount "74"]
[EventDate "2018.07.16"]
[EventType "team-swiss"]
[EventRounds "9"]
[EventCountry "TUR"]
[SourceTitle "EXT 2019"]
[Source "ChessBase"]
[SourceDate "2018.10.10"]
[SourceVersion "1"]
[SourceVersionDate "2018.10.10"]
[SourceQuality "1"]
[WhiteTeam "Bulancak Ihsaniye Genclik"]
[BlackTeam "Salihli Sardes"]
[WhiteTeamCountry "TUR"]
[BlackTeamCountry "TUR"]

1. d4 Nf6 2. c4 g6 3. Nc3 d5 4. cxd5 Nxd5 5. e4 Nxc3 6. bxc3 Bg7 7. Nf3 0-0 8. Be2 c5 9. Rb1 Nc6 10. d5 Ne5 11. Nxe5 Bxe5 12. Qd2 Qa5 13. Rb3 Bd7 14. f4 Bg7 15. 0-0 b5 16. e5 c4 17. Rb1 Rfd8 18. Ra1 Bc6 19. Bf3 Rac8 20. a4 Bxd5 21. Bxd5 e6 22. Qf2 Rxd5 23. Be3 Qxc3 24. axb5 Rxb5 25. Bd4 Qb3 26. Rxa7 c3 27. f5 exf5 28. g4 Bxe5 29. gxf5 Bxd4 30. Qxd4 Rxf5 31. Rxf5 gxf5 32. Rd7 Qb1+ 33. Kf2 Qc2+ 34. Kg3 f4+ 35. Qxf4 Qg6+ 36. Kh4 c2 37. h3 c1Q 0-1

[Event "TUR-ch U20"]
[Site "Canakkale"]
[Date "2016.06.30"]
[Round "5"]
[White "Tepe, Efe Can"]
[Black "Onturk, Senan Utku"]
[Result "1-0"]
[WhiteElo "1925"]
[BlackElo "1796"]
[PlyCount "112"]
[EventDate "2016.06.27"]
[EventType "swiss"]
[EventRounds "9"]
[EventCountry "TUR"]
[SourceTitle "CBM 173 Extra"]
[Source "ChessBase"]
[SourceDate "2016.08.29"]
[SourceVersion "1"]
[SourceVersionDate "2016.08.29"]
[SourceQuality "1"]

1. e4 e5 2. Nf3 Nc6 3. Bb5 a6 4. Ba4 Nf6 5. 0-0 Be7 6. Re1 b5 7. Bb3 0-0 8. h3 d6 9. c3 Na5 10. Bc2 c5 11. d4 Qc7 12. Nbd2 Bd7 13. Nf1 Rfc8 14. Ne3 cxd4 15. cxd4 Nc4 16. Nxc4 bxc4 17. Bd2 exd4 18. Nxd4 Qc5 19. Bc3 Qg5 20. Qf3 Nh5 21. Rad1 Bf8 22. Nf5 Bxf5 23. Rd5 Qf4 24. Qxh5 Bg6 25. Qd1 Qh4 26. Qd4 f6 27. Bd1 Bf7 28. Bg4 Rc5 29. Rxc5 dxc5 30. Qd7 Re8 31. Bd2 f5 32. Qxf5 g6 33. Qf4 h5 34. Bf3 Qxf4 35. Bxf4 Bg7 36. e5 g5 37. Bxg5 Bxe5 38. Bc6 Re6 39. Bd7 Bh2+ 40. Kf1 Rxe1+ 41. Kxe1 Be5 42. Bc1 c3 43. b3 c4 44. b4 c2 45. a3 Bd5 46. f3 a5 47. bxa5 Bc3+ 48. Ke2 Bxa5 49. g4 hxg4 50. hxg4 c3 51. Ba4 Bc4+ 52. Ke3 Bb6+ 53. Ke4 Kf7 54. Bxc2 Ke6 55. f4 Bc5 56. a4 Kf6 1-0

[Event "TUR-ch U20"]
[Site "Canakkale"]
[Date "2016.06.28"]
[Round "3"]
[White "Ozates, Tuna"]
[Black "Onturk, Senan Utku"]
[Result "1-0"]
[WhiteElo "2074"]
[BlackElo "1796"]
[PlyCount "75"]
[EventDate "2016.06.27"]
[EventType "swiss"]
[EventRounds "9"]
[EventCountry "TUR"]
[SourceTitle "CBM 173 Extra"]
[Source "ChessBase"]
[SourceDate "2016.08.29"]
[SourceVersion "1"]
[SourceVersionDate "2016.08.29"]
[SourceQuality "1"]

1. e4 e5 2. Nf3 Nc6 3. Bc4 Bc5 4. c3 Nf6 5. d3 0-0 6. Bb3 d5 7. Qe2 dxe4 8. dxe4 h6 9. 0-0 Bg4 10. h3 Bh5 11. Nbd2 Bg6 12. Re1 Nh5 13. Nf1 Kh7 14. Bc2 Qe7 15. Be3 Rae8 16. Bxc5 Qxc5 17. Nh4 Nf4 18. Qf3 Bh5 19. g4 Qe7 20. Nf5 Qg5 21. Qg3 Bg6 22. h4 Qd8 23. Rad1 Qc8 24. N1e3 Bxf5 25. exf5 Rd8 26. Ng2 Rxd1 27. Bxd1 Nxg2 28. Kxg2 Qd7 29. Bf3 Rd8 30. g5 Qd2 31. Re3 Qxb2 32. g6+ Kh8 33. f6 gxf6 34. gxf7 Ne7 35. Rxe5 Qa3 36. Rh5 Kh7 37. Be4+ f5 38. Rxf5 1-0

[Event "Troya op 23rd"]
[Site "Canakkale"]
[Date "2015.08.14"]
[Round "8"]
[White "Onturk, Senan Utku"]
[Black "Karaokcu, Erkin"]
[Result "1-0"]
[WhiteElo "1919"]
[BlackElo "2097"]
[PlyCount "53"]
[EventDate "2015.08.08"]
[EventType "swiss"]
[EventRounds "9"]
[EventCountry "TUR"]
[SourceTitle "CBM 167 Extra"]
[Source "ChessBase"]
[SourceDate "2015.09.14"]
[SourceVersion "1"]
[SourceVersionDate "2015.09.14"]
[SourceQuality "1"]

1. e4 g6 2. Nc3 Bg7 3. g3 d6 4. Bg2 c5 5. f4 Nc6 6. Nf3 b6 7. 0-0 Nh6 8. h3 Bb7 9. g4 Qd7 10. Ne2 f5 11. exf5 gxf5 12. g5 Nf7 13. c3 0-0-0 14. d4 e6 15. a4 Kb8 16. Bd2 c4 17. b4 Ne7 18. b5 Nd5 19. Qb1 Rhe8 20. a5 Nc7 21. axb6 axb6 22. Qa2 e5 23. Qa7+ Kc8 24. Nxe5 Nxb5 25. Nxd7 Nxa7 26. Nxb6+ Kb8 27. Ng3 1-0

[Event "Troya op 23rd"]
[Site "Canakkale"]
[Date "2015.08.12"]
[Round "6"]
[White "Gunduz, Umut Erdem"]
[Black "Onturk, Senan Utku"]
[Result "1-0"]
[WhiteElo "1940"]
[BlackElo "1919"]
[PlyCount "67"]
[EventDate "2015.08.08"]
[EventType "swiss"]
[EventRounds "9"]
[EventCountry "TUR"]
[SourceTitle "CBM 167 Extra"]
[Source "ChessBase"]
[SourceDate "2015.09.14"]
[SourceVersion "1"]
[SourceVersionDate "2015.09.14"]
[SourceQuality "1"]

1. e4 e5 2. Nf3 Nc6 3. Bb5 a6 4. Ba4 Nf6 5. 0-0 b5 6. Bb3 Be7 7. Re1 0-0 8. c3 d6 9. h3 Na5 10. Bc2 c5 11. d4 Qc7 12. d5 Bd7 13. b3 c4 14. Ba3 Bc8 15. Nxe5 dxe5 16. d6 Qb6 17. dxe7 Re8 18. Nd2 cxb3 19. axb3 Nc6 20. Nf3 Nxe7 21. Nxe5 Qc7 22. Bd6 Qb6 23. c4 Bb7 24. c5 Qa7 25. b4 Nc8 26. Bb3 Nxd6 27. Qxd6 Rad8 28. Bxf7+ Kh8 29. Bxe8 Rxd6 30. cxd6 Qb8 31. Rad1 Qxe8 32. d7 Nxd7 33. Rxd7 Bc6 34. Rd8 1-0

[Event "Troya op 23rd"]
[Site "Canakkale"]
[Date "2015.08.11"]
[Round "5"]
[White "Onturk, Senan Utku"]
[Black "Sahin, Ozgun"]
[Result "1/2-1/2"]
[WhiteElo "1919"]
[BlackElo "2115"]
[PlyCount "101"]
[EventDate "2015.08.08"]
[EventType "swiss"]
[EventRounds "9"]
[EventCountry "TUR"]
[SourceTitle "CBM 167 Extra"]
[Source "ChessBase"]
[SourceDate "2015.09.14"]
[SourceVersion "1"]
[SourceVersionDate "2015.09.14"]
[SourceQuality "1"]

1. e4 g6 2. Nc3 Bg7 3. g3 d6 4. Bg2 Nf6 5. f4 c6 6. Nf3 0-0 7. 0-0 b5 8. d3 b4 9. Ne2 Qb6+ 10. Kh1 a5 11. h3 a4 12. a3 bxa3 13. Rxa3 Ra5 14. g4 Nbd7 15. f5 Nc5 16. Qe1 Ra7 17. Nc3 Ba6 18. Nxa4 Nxa4 19. Rxa4 Bb5 20. Be3 c5 21. Rxa7 Qxa7 22. b4 Qa3 23. bxc5 dxc5 24. e5 Nd7 25. Bg5 f6 26. exf6 exf6 27. Bc1 Qa4 28. Rf2 Bc6 29. Bb2 Bd5 30. fxg6 hxg6 31. Nh4 Bxg2+ 32. Rxg2 Kh7 33. Nf3 Qf4 34. Qe4 Qxe4 35. dxe4 Rb8 36. Bc3 Nb6 37. g5 f5 38. Bxg7 Kxg7 39. exf5 gxf5 40. h4 Kg6 41. Ne5+ Kh5 42. g6 Nd5 43. g7 Nf6 44. Nd7 Rb1+ 45. Kh2 Ng8 46. Nxc5 Kxh4 47. Nd3 Rb8 48. Ne5 Re8 49. Nf7 f4 50. Nd6 Re5 51. Nc4 1/2-1/2

[Event "Manavgat Turkey Cup"]
[Site "Manavgat"]
[Date "2015.02.05"]
[Round "8"]
[White "Garabetyan, Arno"]
[Black "Onturk, Senan Utku"]
[Result "1-0"]
[WhiteElo "2074"]
[BlackElo "1824"]
[PlyCount "183"]
[EventDate "2015.01.31"]
[EventType "swiss"]
[EventRounds "11"]
[EventCountry "TUR"]
[SourceTitle "CBM 164 Extra"]
[Source "ChessBase"]
[SourceDate "2015.03.02"]
[SourceVersion "1"]
[SourceVersionDate "2015.03.02"]
[SourceQuality "1"]

1. d4 Nf6 2. c4 g6 3. f3 Bg7 4. e4 d6 5. Nc3 0-0 6. Bg5 h6 7. Be3 e5 8. d5 Ne8 9. Qd2 Kh7 10. Bd3 a5 11. h4 Na6 12. h5 g5 13. b3 Bf6 14. g4 Bd7 15. Rb1 c6 16. dxc6 bxc6 17. Nge2 Rb8 18. a3 Rb7 19. Na4 Be7 20. Nec3 Qc7 21. 0-0 Ng7 22. Bc2 Ne6 23. Ne2 Nf4 24. Nxf4 gxf4 25. Bf2 Be6 26. Rfd1 Rg8 27. Kf1 Ra8 28. Qc3 Kg8 29. Nb2 Qc8 30. Nd3 c5 31. Ne1 Nb8 32. Bd3 Nc6 33. Nc2 Rab8 34. Rb2 Qc7 35. Rdb1 Qd8 36. Qe1 Kg7 37. Kg2 Qc8 38. Kh3 Qd8 39. Qc3 Qc7 40. Be1 Rb6 41. Be2 R8b7 42. a4 Qb8 43. Na3 Nb4 44. Nb5 Bd7 45. Rd1 Bxb5 46. cxb5 Rc7 47. Bc4 Qd8 48. Rbd2 Qc8 49. Bh4 Bxh4 50. Kxh4 Rd7 51. Kh3 Qd8 52. Rg2 Qg5 53. Qe1 Kf6 54. Qh4 Rb8 55. Rgd2 Rb6 56. Qf2 Kg7 57. Qh4 Kf6 58. Qf2 Kg7 59. Bd5 Rd8 60. Qh4 Qxh4+ 61. Kxh4 Kf6 62. Bc4 Ke7 63. g5 hxg5+ 64. Kxg5 Rg8+ 65. Kh4 Rh8 66. Rg1 Rh7 67. Rg8 d5 68. exd5 Rbh6 69. d6+ Kd7 70. Rg5 f6 71. Rf5 Rg7 72. b6 Kd8 73. d7 Nc6 74. Rd6 Ne7 75. Rfxf6 Nf5+ 76. Rxf5 Rxd6 77. Bb5 Rd1 78. Rf8+ Ke7 79. d8Q+ Rxd8 80. Rxd8 Kxd8 81. Bc6 Ke7 82. Bd5 Rh7 83. Kg5 Kd6 84. Be4 Rh8 85. Kg6 Ke7 86. h6 Rg8+ 87. Kf5 Rh8 88. b7 Re8 89. Kxe5 Kf7+ 90. Kxf4 Kf6 91. Bf5 Rb8 92. Bc8 1-0

[Event "Manavgat Turkey Cup"]
[Site "Manavgat"]
[Date "2015.02.05"]
[Round "9"]
[White "Onturk, Senan Utku"]
[Black "Turan, Seyithan"]
[Result "1-0"]
[WhiteElo "1824"]
[BlackElo "1607"]
[PlyCount "110"]
[EventDate "2015.01.31"]
[EventType "swiss"]
[EventRounds "11"]
[EventCountry "TUR"]
[SourceTitle "CBM 164 Extra"]
[Source "ChessBase"]
[SourceDate "2015.03.02"]
[SourceVersion "1"]
[SourceVersionDate "2015.03.02"]
[SourceQuality "1"]

1. e4 c5 2. Nc3 g6 3. g3 Bg7 4. Bg2 d6 5. f4 Nc6 6. Nf3 Bg4 7. h3 Bxf3 8. Bxf3 e6 9. d3 Nd4 10. Bg2 Ne7 11. 0-0 Rc8 12. Nb1 0-0 13. c3 Ndc6 14. Kh1 d5 15. Nd2 d4 16. c4 a6 17. g4 e5 18. f5 f6 19. h4 b5 20. cxb5 axb5 21. Qb3+ Kh8 22. Qxb5 Nb4 23. Qc4 Nec6 24. Nb3 Nb8 25. Bd2 Nxd3 26. Qxd3 c4 27. Qf3 cxb3 28. Qxb3 Na6 29. Rfc1 Qd7 30. Qf3 Qb5 31. b3 Nc5 32. Rc4 Nb7 33. Bf1 Qd7 34. a4 Nd6 35. Rcc1 Qb7 36. Bg2 Rf7 37. Rxc8+ Qxc8 38. Rc1 Rc7 39. Qd1 Bf8 40. Rxc7 Qxc7 41. Qc1 Qxc1+ 42. Bxc1 Nb7 43. Bf1 Nc5 44. Bc4 Nxe4 45. Kg2 Bb4 46. Kf3 gxf5 47. gxf5 Nc5 48. Bh6 Nb7 49. Bd5 Nc5 50. Bf8 Nd3 51. Bxb4 Nxb4 52. Bc4 Kg7 53. a5 Kf8 54. a6 Nc6 55. b4 Ke7 1-0

[Event "Manavgat Turkey Cup"]
[Site "Manavgat"]
[Date "2015.02.02"]
[Round "4"]
[White "Burcu, Cagatay"]
[Black "Onturk, Senan Utku"]
[Result "1/2-1/2"]
[WhiteElo "2149"]
[BlackElo "1824"]
[PlyCount "94"]
[EventDate "2015.01.31"]
[EventType "swiss"]
[EventRounds "11"]
[EventCountry "TUR"]
[SourceTitle "CBM 164 Extra"]
[Source "ChessBase"]
[SourceDate "2015.03.02"]
[SourceVersion "1"]
[SourceVersionDate "2015.03.02"]
[SourceQuality "1"]

1. d4 Nf6 2. c4 g6 3. g3 Bg7 4. Bg2 d5 5. cxd5 Nxd5 6. Nf3 0-0 7. 0-0 Na6 8. Nc3 Nxc3 9. bxc3 c5 10. Bf4 Qa5 11. Qb3 cxd4 12. cxd4 Qb4 13. Qe3 Re8 14. Bh6 Qd6 15. Bxg7 Kxg7 16. Ne5 Rb8 17. Rfc1 Rd8 18. d5 Nb4 19. Nc4 Qf6 20. Qxa7 Bg4 21. Qb6 Nxd5 22. Bxd5 Rxd5 23. Qxf6+ Kxf6 24. Ne3 Rd4 25. Nxg4+ Rxg4 26. f4 e5 27. e3 exf4 28. exf4 g5 29. fxg5+ Rxg5 30. Rc7 Kg6 31. Rb1 b5 32. Rf1 f6 33. Kg2 Rb6 34. h4 Rd5 35. Rf2 h5 36. Re2 Rd3 37. Rc8 Kf7 38. Rc5 Kg6 39. Rc8 Kf7 40. Rec2 Kg6 41. Rg8+ Kf7 42. Rh8 Kg6 43. Rg8+ Kf7 44. Ra8 Re6 45. Ra7+ Kg6 46. Kh2 Re1 47. Rf2 Re6 1/2-1/2

[Event "Manavgat Turkey Cup"]
[Site "Manavgat"]
[Date "2015.02.01"]
[Round "2"]
[White "Isik, Esref"]
[Black "Onturk, Senan Utku"]
[Result "1/2-1/2"]
[WhiteElo "1752"]
[BlackElo "1824"]
[PlyCount "96"]
[EventDate "2015.01.31"]
[EventType "swiss"]
[EventRounds "11"]
[EventCountry "TUR"]
[SourceTitle "CBM 164 Extra"]
[Source "ChessBase"]
[SourceDate "2015.03.02"]
[SourceVersion "1"]
[SourceVersionDate "2015.03.02"]
[SourceQuality "1"]

1. e4 e5 2. Nf3 Nc6 3. Bc4 Nf6 4. Ng5 d5 5. exd5 Na5 6. Bb5+ c6 7. dxc6 bxc6 8. Be2 h6 9. Nf3 e4 10. Ne5 Bd6 11. d4 exd3 12. Nxd3 Qc7 13. h3 0-0 14. 0-0 Ba6 15. Nd2 Rad8 16. b3 Rfe8 17. Bb2 Nd5 18. a3 c5 19. Re1 c4 20. bxc4 Bxc4 21. Bf1 Rf8 22. Ne5 Bxf1 23. Nxf1 Nc3 24. Qd4 Nb5 25. Qg4 f5 26. Qf3 Bxe5 27. Rxe5 Nd6 28. Qd5+ Nf7 29. Qxa5 Qxc2 30. Rb5 Nd6 31. Rc1 Qe2 32. Qc7 Ne8 33. Qc6 Kh7 34. Rb7 Rd6 35. Qc3 Rg6 36. Rxa7 Nf6 37. Re1 Qb5 38. Re5 Qb6 39. Ree7 Rg8 40. Qc1 Nd5 41. Reb7 Qe6 42. Ne3 Nf4 43. Qb1 Nxh3+ 44. Kh2 Nxf2 45. Nxf5 Ne4 46. Rxg7+ R8xg7 47. Rxg7+ Rxg7 48. Nxg7 Qg4 1/2-1/2